ALL Georgia Cities - Statistics

General Stats
  • This quiz has been taken 232 times
  • The average score is 78 of 538
Answer Stats
County City / Town % Correct
A Fulton (seat), DeKalb Atlanta
95%
S Chatham Savannah
85%
M Bibb Macon
80%
A Clarke Athens
76%
A Richmond Augusta
72%
M Cobb Marietta
68%
C Muscogee Columbus
67%
V Lowndes Valdosta
64%
A Fulton Alpharetta
62%
D DeKalb Decatur
58%
A Dougherty Albany
56%
R Floyd Rome
56%
G Hall Gainesville
53%
W Houston and Peach Warner Robins
53%
S Fulton Sandy Springs
52%
C Forsyth Cumming
50%
D Coffee Douglas
50%
J Butts Jackson
50%
L Gwinnett Lawrenceville
48%
B Glynn Brunswick
47%
F Fayette Fayetteville
47%
D Whitfield Dalton
45%
T Tift Tifton
45%
J Jackson Jefferson
44%
K Cobb Kennesaw
44%
N Coweta Newnan
44%
P Fayette Peachtree City
44%
R Fulton Roswell
43%
S Bulloch Statesboro
43%
D Gwinnett Duluth
42%
C Gordon Calhoun
41%
C Bartow Cartersville
41%
C Rabun Clayton
41%
S Fulton South Fulton
41%
C Clayton, Fulton College Park
40%
D Douglas Douglasville
39%
H White Helen
39%
J Fulton Johns Creek
39%
W Wilkes Washington
39%
C Cherokee Canton
38%
C Carroll Carrollton
38%
S Cobb Smyrna
38%
M Walton Monroe
37%
A Cobb Acworth
36%
B Fannin Blue Ridge
36%
B Gwinnett, Hall Buford
36%
D Lumpkin Dahlonega
36%
D Terrell Dawson
36%
M Morgan Madison
36%
M Henry McDonough
36%
M Baldwin Milledgeville
36%
C Rockdale Conyers
35%
P Houston, Peach Perry
34%
D Paulding Dallas
33%
D Laurens Dublin
33%
D DeKalb Dunwoody
33%
F Monroe Forsyth
33%
L Troup LaGrange
33%
S DeKalb Stone Mountain
33%
W Cherokee Woodstock
33%
A Sumter Americus
32%
C Newton Covington
32%
E Fulton East Point
32%
F Heard Franklin
31%
J Pickens Jasper
31%
N Gwinnett Norcross
31%
B Dekalb Brookhaven
30%
E Gilmer Ellijay
30%
G Spalding Griffin
30%
M Fulton Milton
30%
T Thomas Thomasville
30%
V Montgomery and Toombs Vidalia
29%
D Dawson Dawsonville
28%
S Camden St. Marys
28%
T DeKalb Tucker
28%
W Bartow White
28%
W Barrow Winder
28%
A Cobb, Douglas Austell
27%
B Decatur Bainbridge
27%
B Union Blairsville
27%
C White Cleveland
27%
G Greene Greensboro
27%
P Gwinnett Peachtree Corners
27%
S Gwinnett Snellville
27%
S Gwinnett Suwanee
27%
G Meriwether Greenville
26%
N Baker Newton
26%
T Chatham Tybee Island
26%
A Bartow Adairsville
25%
C DeKalb Chamblee
25%
H Liberty Hinesville
25%
J Clayton Jonesboro
25%
O Macon Oglethorpe
25%
T Upson Thomaston
25%
W Ware Waycross
25%
C Grady Cairo
24%
J Wayne Jesup
24%
L Gwinnett Lilburn
24%
P Chatham Pooler
24%
S Henry Stockbridge
24%
A Cook Adel
23%
L Walker LaFayette
23%
R Catoosa Ringgold
23%
A Barrow, Gwinnett Auburn
22%
C Jackson Commerce
22%
C Crisp Cordele
22%
E Putnam Eatonton
22%
F Clayton Forest Park
22%
G Jones Gray
22%
J Telfair Jacksonville
22%
M Colquitt Moultrie
22%
P Cobb Powder Springs
22%
R Clayton Riverdale
22%
V Carroll, Douglas Villa Rica
22%
Z Pike Zebulon
22%
B Pierce Blackshear
21%
B Morgan Buckhead
21%
C Miller Colquitt
21%
E Elbert Elberton
21%
H Towns Hiawassee
21%
T Stephens Toccoa
21%
U Fulton Union City
21%
W Oconee Watkinsville
21%
B Jefferson Bartow
20%
F Hall Flowery Branch
20%
L Gwinnett, Walton Loganville
20%
O Washington Oconee
20%
P Sumter Plains
20%
B Cherokee Ball Ground
19%
C Murray Chatsworth
19%
F Peach Fort Valley
19%
G Wilkinson Gordon
19%
H Hart Hartwell
19%
H Paulding Hiram
19%
L Henry Locust Grove
19%
M Calhoun Morgan
19%
Q Brooks Quitman
19%
S Hancock Sparta
19%
S Emanuel Swainsboro
19%
W Burke Waynesboro
19%
D Gwinnett Dacula
18%
F Fulton Fairburn
18%
G Quitman Georgetown
18%
R Bryan Richmond Hill
18%
S Effingham Springfield
18%
S Chattooga Summerville
18%
T Dade Trenton
18%
Y Towns Young Harris
18%
A Bacon Alma
17%
B Lamar Barnesville
17%
C Polk Cedartown
17%
D DeKalb Doraville
17%
E Dodge Eastman
17%
F Ben Hill, Irwin Fitzgerald
17%
K Camden Kingsland
17%
L Stewart Lumpkin
17%
M Clayton Morrow
17%
B Banks, Habersham Baldwin
16%
B Barrow, Gwinnett, Hall, Jackson Braselton
16%
B Fayette Brooks
16%
C Habersham Clarkesville
16%
C DeKalb Clarkston
16%
C Evans Claxton
16%
C Oglethorpe Crawford
16%
D McIntosh Darien
16%
F Catoosa, Walker Fort Oglethorpe
16%
H Harris Hamilton
16%
H Pulaski Hawkinsville
16%
H Banks Homer
16%
L Lee Leesburg
16%
L DeKalb Lithonia
16%
M Jasper Monticello
16%
N Berrien Nashville
16%
S DeKalb Stonecrest
16%
S Gwinnett Sugar Hill
16%
A Turner Ashburn
15%
B Appling Baxley
15%
B Houston, Peach Byron
15%
C Habersham Cornelia
15%
H Henry Hampton
15%
H Cherokee Holly Springs
15%
M Candler Metter
15%
S Washington Sandersville
15%
S Worth Sylvester
15%
A Wilcox Abbeville
14%
C Mitchell Camilla
14%
C Bleckley Cochran
14%
H Fulton Hapeville
14%
L Lincoln Lincolnton
14%
V Dooly Vienna
14%
B Barrow Bethlehem
13%
B Early Blakely
13%
B Clarke, Oconee Bogart
13%
B Carroll, Haralson Bremen
13%
B Taylor Butler
13%
C Walker Chickamauga
13%
E Gilmer East Ellijay
13%
E Bartow Emerson
13%
H Washington Harrison
13%
H Jeff Davis Hazlehurst
13%
L Jefferson Louisville
13%
L Toombs Lyons
13%
M Meriwether, Talbot Manchester
13%
M Franklin, Stephens Martin
13%
S Newton, Walton Social Circle
13%
T Haralson Tallapoosa
13%
T McDuffie Thomson
13%
T Tift Ty Ty
13%
U Dooly Unadilla
13%
W Harris, Troup West Point
13%
A Sumter Andersonville
12%
C Houston Centerville
12%
C Taliaferro Crawfordville
12%
C Randolph Cuthbert
12%
F Charlton Folkston
12%
G Columbia Grovetown
12%
H Clinch Homerville
12%
J Twiggs Jeffersonville
12%
L Lanier Lakeland
12%
L Clayton Lovejoy
12%
M Cherokee, Fulton Mountain Park
12%
O Irwin Ocilla
12%
O Newton Oxford
12%
S Toombs Santa Claus
12%
S Coweta Senoia
12%
T Talbot Talbotton
12%
W Johnson Wrightsville
12%
A Crisp Arabi
11%
A DeKalb Avondale Estates
11%
C Fulton Chattahoochee Hills
11%
D Madison Danielsville
11%
D Rabun Dillard
11%
G Gwinnett Grayson
11%
H Coweta, Meriwether Haralson
11%
L Oglethorpe Lexington
11%
M Glascock Mitchell
11%
M Macon Montezuma
11%
O Hall Oakwood
11%
P Harris, Meriwether Pine Mountain
11%
R Crawford Roberta
11%
S Screven Sylvania
11%
W Meriwether Warm Springs
11%
W Warren Warrenton
11%
A Bleckley, Laurens, Twiggs, Wilkinson Allentown
10%
A Banks, Habersham Alto
10%
A Jackson Arcade
10%
B Haralson Buchanan
10%
B Marion Buena Vista
10%
C Barrow Carl
10%
C Chattahoochee Cusseta
10%
E Schley Ellaville
10%
H Lowndes Hahira
10%
H Jackson Hoschton
10%
I Wilkinson Irwinton
10%
L Clayton Lake City
10%
L Long Ludowici
10%
M Telfair (seat), Wheeler McRae–Helena
10%
M Liberty Midway
10%
M Jenkins Millen
10%
M Montgomery Mount Vernon
10%
N Brantley Nahunta
10%
P Atkinson Pearson
10%
R Tattnall Reidsville
10%
R Polk Rockmart
10%
S Barrow Statham
10%
T Bartow, Polk Taylorsville
10%
T Carroll, Haralson Temple
10%
T Fayette Tyrone
10%
W Cherokee Waleska
10%
W Clarke Winterville
10%
A Wheeler Alamo
9%
B Colquitt Berlin
9%
B Oconee Bishop
9%
C Franklin Carnesville
9%
E Laurens East Dublin
9%
L Franklin, Hart Lavonia
9%
L Walker Lookout Mountain
9%
N Coffee Nicholls
9%
P Coweta, Fulton Palmetto
9%
P Wilcox Pitts
9%
P Candler Pulaski
9%
R Effingham Rincon
9%
R Walker Rossville
9%
S Wayne Screven
9%
T Rabun Tiger
9%
W Atkinson Willacoochee
9%
A Emanuel, Johnson Adrian
8%
A Calhoun, Early Arlington
8%
B Thomas Boston
8%
B Bulloch Brooklet
8%
B Coffee Broxton
8%
B Dooly Byromville
8%
C Madison Comer
8%
D Habersham Demorest
8%
D Seminole Donalsonville
8%
F Butts Flovilla
8%
F Clay Fort Gaines
8%
G Chatham Garden City
8%
G Meriwether Gay
8%
G Tattnall Glennville
8%
H Columbia Harlem
8%
H Richmond Hephzibah
8%
K Bartow Kingston
8%
L Lowndes Lake Park
8%
L Cook Lenox
8%
L Banks, Hall Lula
8%
N Cherokee, Pickens Nelson
8%
O Colquitt and Tift Omega
8%
P Bryan Pembroke
8%
R Gordon Resaca
8%
R Stewart Richland
8%
S Coweta Sharpsburg
8%
S Harris Shiloh
8%
S Treutlen Soperton
8%
W Meriwether Woodbury
8%
A Berrien Alapaha
7%
A Decatur Attapulgus
7%
B Mitchell Baconton
7%
B Clay Bluffton
7%
C Madison Carlton
7%
C Cook Cecil
7%
C Heard Centralhatchee
7%
C Decatur Climax
7%
C Tattnall Cobbtown
7%
C Madison Colbert
7%
C Tattnall Collins
7%
C Pike Concord
7%
E Bartow Euharlee
7%
F Gordon Fairmount
7%
F Clinch Fargo
7%
G Glascock Gibson
7%
H Troup Hogansville
7%
I Madison Ila
7%
L Telfair Lumber City
7%
M Fannin McCaysville
7%
M Wilkinson McIntyre
7%
M Mitchell, Thomas Meigs
7%
M Fannin Morganton
7%
M Rabun Mountain City
7%
N Jackson Nicholson
7%
P Mitchell Pelham
7%
P Chatham Port Wentworth
7%
R Franklin, Hart, Madison Royston
7%
S Lee Smithville
7%
S Cook Sparks
7%
T Habersham, Rabun Tallulah Falls
7%
T Chatham Thunderbolt
7%
T Whitfield Tunnel Hill
7%
W Walton Walnut Grove
7%
W Camden Woodbine
7%
A Clinch Argyle
6%
A Oglethorpe Arnoldsville
6%
A Stephens Avalon
6%
B Walton Between
6%
B Morgan Bostwick
6%
B Carroll Bowdon
6%
C Dodge Chester
6%
D Laurens Dexter
6%
F Franklin Franklin Springs
6%
H Brantley Hoboken
6%
H Charlton Homeland
6%
I Macon Ideal
6%
J Butts Jenkinsburg
6%
M Macon Marshallville
6%
M Banks and Jackson Maysville
6%
M Lamar Milner
6%
O Emanuel Oak Park
6%
O Wayne Odum
6%
P Brooks, Thomas Pavo
6%
P Dooly Pinehurst
6%
R Turner Rebecca
6%
R Taylor Reynolds
6%
S Taliaferro Sharon
6%
S Rabun Sky Valley
6%
T Coweta Turin
6%
U Montgomery Uvalda
6%
W Haralson Waco
6%
W Jefferson Wrens
6%
A Montgomery Ailey
5%
A Lamar Aldora
5%
A Coffee Ambrose
5%
A Polk Aragon
5%
A Jefferson Avera
5%
B Gwinnett Berkeley Lake
5%
B Burke, Richmond Blythe
5%
B Elbert Bowman
5%
C Warren Camak
5%
C Floyd Cave Spring
5%
C Hall Clermont
5%
C Whitfield Cohutta
5%
C Monroe Culloden
5%
D Jeff Davis Denton
5%
D Sumter De Soto
5%
D Colquitt Doerun
5%
D Dooly Dooling
5%
E Echols County Echols County
5%
E Murray Eton
5%
G Banks, Hall Gillsville
5%
G Wheeler Glenwood
5%
G Walton Good Hope
5%
G Appling Graham
5%
G Coweta Grantville
5%
G Effingham Guyton
5%
H Madison Hull
5%
K Johnson Kite
5%
L Meriwether Luthersville
5%
M Newton Mansfield
5%
M Oglethorpe Maxeys
5%
M Habersham Mount Airy
5%
M Carroll Mount Zion
5%
N Newton Newborn
5%
N Warren Norwood
5%
O Thomas Ochlocknee
5%
O Screven Oliver
5%
P Jackson Pendergrass
5%
P DeKalb Pine Lake
5%
P Bulloch Portal
5%
P Newton Porterdale
5%
R Berrien Ray City
5%
R Wilkes Rayle
5%
R Wilcox Rochelle
5%
R Morgan Rutledge
5%
S Jasper Shady Dale
5%
S Greene Siloam
5%
S Appling Surrency
5%
S Turner Sycamore
5%
T Washington Tennille
5%
T Chattooga Trion
5%
T Emanuel Twin City
5%
U Greene Union Point
5%
V Whitfield Varnell
5%
W Webster County Webster County
5%
W Pike Williamson
5%
Y Upson Yatesville
5%
A Liberty Allenhurst
4%
A Montgomery Alston
4%
B Brooks, Thomas Barwick
4%
B Evans Bellville
4%
B Chatham Bloomingdale
4%
B Hart Bowersville
4%
B Paulding, Polk Braswell
4%
B Decatur Brinson
4%
C Laurens Cadwell
4%
C Franklin, Hart Canon
4%
C Dodge Chauncey
4%
C Thomas Coolidge
4%
D Evans Daisy
4%
D Twiggs, Wilkinson Danville
4%
D Washington Davisboro
4%
E Glascock Edge Hill
4%
E Colquitt Ellenton
4%
E Heard Ephesus
4%
G Talbot Geneva
4%
G Burke Girard
4%
H Evans Hagan
4%
I Seminole Iron City
4%
I Wilkinson Ivey
4%
J Walton Jersey
4%
J Talbot Junction City
4%
K Burke Keysville
4%
L Dooly Lilly
4%
L Chattooga Lyerly
4%
M Tattnall Manassas
4%
M Pike Meansville
4%
M Dodge, Telfair Milan
4%
M Pike Molena
4%
M Laurens Montrose
4%
M Coweta Moreland
4%
M Brooks Morven
4%
N Colquitt Norman Park
4%
N Oconee North High Shoals
4%
P Pierce Patterson
4%
P Gordon Plainville
4%
P Worth Poulan
4%
R Gordon Ranger
4%
R Lowndes Remerton
4%
R Laurens Rentz
4%
R Liberty Riceboro
4%
R Carroll Roopville
4%
S Mitchell Sale City
4%
S Burke Sardis
4%
S Worth Sumner
4%
S Spalding Sunny Side
4%
T Pickens Talking Rock
4%
T Jackson Talmo
4%
T Wilkes Tignall
4%
W Greene White Plains
4%
W Carroll Whitesburg
4%
W Greene Woodville
4%
W Fayette Woolsey
4%
B Terrell Bronwood
3%
D Lowndes Dasher
3%
D Laurens Dudley
3%
E Calhoun Edison
3%
E Berrien Enigma
3%
G Emanuel Garfield
3%
H Screven Hiltonia
3%
J Early Jakin
3%
L Sumter Leslie
3%
M Chattooga Menlo
3%
M Burke Midville
3%
N Emanuel Nunez
3%
O Pierce Offerman
3%
O Spalding Orchard Hill
3%
R Bulloch Register
3%
S Randolph Shellman
3%
S Jefferson Stapleton
3%
S Emanuel Stillmore
3%
T Wilkinson Toomsboro
3%
V Chatham Vernonburg
3%
W Jefferson Wadley
3%
W Worth Warwick
3%
W Grady Whigham
3%
D Early Damascus
2%
D McDuffie Dearing
2%
D Washington Deepstep
2%
D Clinch Du Pont
2%
F Liberty Flemington
2%
F Colquitt Funston
2%
H Montgomery Higgston
2%
L Calhoun Leary
2%
L Meriwether Lone Oak
2%
P Terrell Parrott
2%
P Wilcox Pineview
2%
R Gwinnett, Hall Rest Haven
2%
R Dodge Rhine
2%
R Washington Riddleville
2%
R Screven Rocky Ford
2%
S Terrell Sasser
2%
S Telfair and Wheeler Scotland
2%
S Emanuel Summertown
2%
V Burke Vidette
2%
W Liberty Walthourville
2%
W Harris Waverly Hall
2%
G Liberty Gumbranch
1%
N Screven Newington
1%
T Montgomery Tarrytown
1%
W Talbot Woodland
1%
No matching quizzes found
Score Distribution
Percent of People with Each Score
Percentile by Number Answered
Your Score History
You have not taken this quiz